Normal view
MARC view
Entry Topical Term
001 - CONTROL NUMBER
- control field: 726327
003 - CONTROL NUMBER IDENTIFIER
- control field: OSt
005 - DATE AND TIME OF LATEST TRANSACTION
- control field: 20241128113750.0
008 - FIXED-LENGTH DATA ELEMENTS
- fixed length control field: 241128|| aca||aabn | a|a d
040 ## - CATALOGING SOURCE
- Original cataloging agency: OSt
- Transcribing agency: OSt
150 ## - HEADING--TOPICAL TERM
- Topical term or geographic name entry element: Indian HistoryEpigraphy
670 ## - SOURCE DATA FOUND
- Source citation: Work cat.: (OSt)1221580: निषाद, ज्योति, ले., प्रतीक एवं अभिप्रायों की दृष्टि से प्राचीन भारतीय सिकके: एक अनुशीलन, 2022
